| 000 | 01394cam a22003735i 4500 | ||
|---|---|---|---|
| 999 |
_c17658 _d17630 |
||
| 001 | 013080515 | ||
| 003 | EG-ScBUE | ||
| 005 | 20191215111820.0 | ||
| 006 | m||||fq||h 00| 0 | ||
| 008 | 041216t2013 nyua f 000 0 eng d | ||
| 020 | _a9781438072807 | ||
| 040 |
_aEG-ScBUE _beng _erda _cEG-ScBUE _dEg-scbue |
||
| 082 | 0 | 4 |
_a428.813 _bYAT _222 |
| 100 | 1 |
_aYates, Jean, _eauthor. _934132 |
|
| 245 | 1 | 0 |
_aPronounce it perfectly in English / _cJean Yates, Ph.D. American University. |
| 250 | _aThird edition. | ||
| 264 | 1 |
_aHauppauge, NY : _bBarron's Educational Series, _c[2013] |
|
| 264 | 4 | _cc 2013 | |
| 300 |
_avii, 197 pages : _billustrations ; _c28 cm + _e1 audio CD |
||
| 336 |
_2rdacontent _atext _btxt |
||
| 336 |
_2rdacontent _asounds _bsnd |
||
| 337 |
_2rdamedia _aunmediated _bn |
||
| 337 |
_2rdamedia _aaudio _bs |
||
| 338 |
_2rdacarrier _avolume _bnc |
||
| 338 |
_2rdacarrier _acomputer disc _bcd |
||
| 500 | _aIncludes appendix. | ||
| 520 | _aThis book-and-CD program provides pronuncation exercises that emphasize speaking, sound discrimination, and standard intonation patterns in American-style English. | ||
| 590 | _aeman | ||
| 650 | 7 |
_aEnglish language _xPronunciation _vProblems, exercises, etc. _2BUEsh _929132 |
|
| 650 | 7 |
_aEnglish language _xPronunciation by foreign speakers. _2BUEsh _97902 |
|
| 653 |
_cJuly2019 _bHHUUEENN |
||
| 655 | _vReading book | ||
| 942 |
_2ddc _cBB |
||